| 000 | 00639nam a2200241Ia 4500 | ||
|---|---|---|---|
| 003 | OSt | ||
| 005 | 20220918210536.0 | ||
| 006 | a|||||r|||| 00| 0 | ||
| 007 | ta | ||
| 008 | 220917b |||||||| |||| 00| 0 eng d | ||
| 024 | _a120,879 | ||
| 037 | _cTextual | ||
| 040 |
_aARTS _cARTS _beng |
||
| 041 |
_2eng _aeng |
||
| 082 | _aWwN21,4, L9 | ||
| 100 | _aWilliam Raymond | ||
| 245 | 0 |
_aPoltics and letters _b interviews with new left review |
|
| 260 |
_aLondon _bN L B _c1979 |
||
| 300 |
_a444p. _ccm. |
||
| 650 | _aPOLITICAL SCIENCE | ||
| 942 |
_hWwN21,4, L9 _cTEXL _2CC |
||
| 999 |
_c244135 _d244135 |
||